MotoGP - Siegreiche Nationen - Statistiken

Allgemein
  • Dieses Quiz wurde 85 mal gespielt
  • Das Durchschnittsergebnis liegt bei 14 aus 20
Antwortstatistiken
Antwort % Korrekt
Deutschland
100%
Italien
100%
Spanien
100%
Frankreich
97%
USA
92%
Australien
89%
Japan
89%
Portugal
82%
Brasilien
78%
Vereinigtes Königreich
77%
Niederlande
76%
Argentinien
70%
Südafrika
63%
Schweiz
62%
Tschechoslowakei
48%
Neuseeland
47%
Finnland
41%
Irland
34%
Venezuela
23%
Rhodesien
6%
Keine übereinstimmenden Quizze gefunden
Verteilung der Resultate
Anzahl Personen mit jedem Resultat
Perzentil nach korrekt beantworteten Fragen
Ihre Resultats-Entwicklung
Sie haben dieses Quiz noch nicht gespielt